| 000 | 01034nam a2200313 c 4500 | ||
|---|---|---|---|
| 001 | 000023535 | ||
| 003 | RuMoIPM | ||
| 005 | 20250602175845.0 | ||
| 008 | 951031s1992 ru a||||||||||||||||rus d | ||
| 020 | _a5880050017 | ||
| 035 | _abiblionumber | ||
| 035 | _abiblionumber | ||
| 040 |
_aRuMoBEN _brus _ercr |
||
| 041 | _arus | ||
| 044 | _aru | ||
| 080 | _a510.2:1 | ||
| 080 | _a511 | ||
| 080 | _a53:1 | ||
| 245 | 0 | 0 |
_aПьер Ферма и Андрей Сахаров _b[сборник] _cПод ред. И. А. Верещагина |
| 260 |
_aБерезники _c1992 |
||
| 300 |
_a95 с. _bил., портр. |
||
| 490 | 0 |
_aСвязь времен _vВып. 1 |
|
| 500 | _aСерия посвящ. 200-летию со дня рожд. Н. И. Лобачевского | ||
| 504 | _aБиблиогр. в конце разд | ||
| 600 | 1 | _aФерма, Пьер | |
| 600 | 1 | _aСахаров, Андрей Дмитриевич | |
| 700 | 0 |
_aВерещагин, Игорь Алексеевич _eред. |
|
| 942 | _cBK | ||
| 999 |
_c23535 _d23535 |
||